|
|
|
|
| LEADER |
00000naa2a2200000 4500 |
| 001 |
123285 |
| 005 |
20231031130432.0 |
| 035 |
|
|
|a (RuTPU)RU\TPU\book\133462
|
| 090 |
|
|
|a 123285
|
| 100 |
|
|
|a 20071015d2006 k y0rusy50 ca
|
| 101 |
0 |
|
|a rus
|
| 102 |
|
|
|a RU
|
| 200 |
1 |
|
|a Особенности преподавания китайского языка в техническом вузе по непрофильной специальности
|f Е. В. Савкович
|
| 320 |
|
|
|a Библиогр.: 6 назв.
|
| 463 |
|
0 |
|0 (RuTPU)RU\TPU\book\111466
|t Ч. 2
|v С. 218-219
|d 2006
|p 344 с.
|
| 610 |
1 |
|
|a технические вузы
|
| 610 |
1 |
|
|a китайский язык
|
| 610 |
1 |
|
|a преподавание
|
| 610 |
1 |
|
|a языковая подготовка
|
| 610 |
1 |
|
|a непрофильные специальности
|
| 610 |
1 |
|
|a модели
|
| 610 |
1 |
|
|a межрегиональные университетские комплексы
|
| 610 |
1 |
|
|a труды учёных ТПУ
|
| 700 |
|
1 |
|a Савкович
|b Е. В.
|
| 801 |
|
1 |
|a RU
|b 63413507
|c 20071015
|g PSBO
|
| 942 |
|
|
|c BK
|